U.S. State Capitals with Two or More Words - Statistics

General Stats
  • This quiz has been taken 59 times
  • The average score is 7 of 9
Answer Stats
State Capital % Correct
Louisiana Baton Rouge
88%
Nevada Carson City
88%
Utah Salt Lake City
88%
Oklahoma Oklahoma City
84%
New Mexico Santa Fe
82%
Missouri Jefferson City
80%
Minnesota Saint Paul
80%
Iowa Des Moines
78%
Arkansas Little Rock
73%
No matching quizzes found
Score Distribution
Percent of People with Each Score
Percentile by Number Answered
Your Score History
You have not taken this quiz